Normal view
MARC view
- Electric driving
Entry Topical Term
001 - CONTROL NUMBER
- control field: 41632
003 - CONTROL NUMBER IDENTIFIER
- control field: NUST
005 - DATE AND TIME OF LATEST TRANSACTION
- control field: 20210314132109.0
008 - FIXED-LENGTH DATA ELEMENTS
- fixed length control field: 210314|| aca||aabn | a|a d
040 ## - CATALOGING SOURCE
- Original cataloging agency: NUST
- Transcribing agency: NUST
150 ## - HEADING--TOPICAL TERM
- Topical term or geographic name entry element: Electric driving
670 ## - SOURCE DATA FOUND
- Source citation: Work cat.: (NUST): Lipkin, Boris I︠U︡lʹevich. 41631, Electrical equipment for industry., 1967.
